00557 2200229 4500001002100000005001500021035002000036007000300056008004100059020000600100082000800106084001400114100002600128245005100154250001000205260002700215300003600242520000600278600002600284856000600310990001100316INLIS00000000000165720220411123856 a0010-0422001231ta220411 b 1 ind  a- a398 a398 YUD k0 aYudhistira Ikranegara1 aKisah Nyai Roro Kidul /cYudhistira Ikranegara acet.1 as.l :bDua Media,cs.a a31 hlm. :bils ;c15 x 21 cme- a- 4aYudhistira Ikranegara a- a190267